000 01163nam1a2200325 i 4500
001 RU\NLR\BIBL_A\010407116
005 20241103041654.0
010 _a9785880172238
035 _a(NLR Aleph) 010407116
090 _a9734456
_c9734456
100 _a20140529g20149999um y0rusy50 ca
101 0 _achu
102 _aRU
105 _a||||w||||||||
200 1 _aỎктѡихъ, сúречь Ỏсмоглáсникъ
210 _aМосква
_cИзд-во Московской Патриархии Русской Православной Церкви
_d2014
215 _d30
300 _aЗагл. обл. и корешка: Ỏктѡихъ
300 _aВ макете загл.: Октоих, сиречь Осьмогласник
300 _aТекст на церковнослав. яз.
516 1 _aỎктѡихъ
517 1 _aОктоих, сиречь Осьмогласник
518 1 _aОктоих
_zrus
606 _aОктоих
_92072666
_3RU\NLR\AUTH\661247511
686 2 _aЭ372.24-507.14
852 _aNLR
_j2014-8/1801
942 _cBOOK